LEADER 00900nam0-22003371i-450- 001 990003114050403321 010 $a0-252-01120-1 035 $a000311405 035 $aFED01000311405 035 $a(Aleph)000311405FED01 035 $a000311405 100 $a20000920d1985----km-y0itay50------ba 101 0 $aeng 102 $aIT 200 1 $a<>Korean Road to Modernization and Development$fNorman Jacobs. 210 $aUrbana$aChicago$cUniversity of Illinois Press$d1985. 215 $aX, 355 p.$d22 cm 610 0 $aCorea 610 0 $aSviluppo 676 $aF/1.331 676 $aF/3.2 676 $aF/3.3 702 1$aJacobs,$bNorman 801 0$aIT$bUNINA$gRICA$2UNIMARC 901 $aBK 912 $a990003114050403321 952 $aF/1331 JAC$b6721$fSES 959 $aSES 996 $aKorean Road to Modernization and Development$9461169 997 $aUNINA DB $aING01 LEADER 01299cam2-2200409---450- 001 990003427480203316 005 20110208091819.0 010 $a978-88-8416-239-7 035 $a000342748 035 $aUSA01000342748 035 $a(ALEPH)000342748USA01 035 $a000342748 100 $a20100720d2010----km-y0itay50------ba 101 1 $aita$cger 102 $aIT 105 $aa|||||||001yy 200 1 $aSiena cittą della Vergine$fTitus Burckhardt$ga cura di Maurizio Magnini$gtraduzione di Gisella Burgisser 210 $aMilano$cAbscondita$d2010 215 $a159 p.$cill.$d22 cm 225 2 $aCarte d'artisti$v120 410 0$1001000122838$12001$aCarte d'artisti$v, 120 454 0$12001$aSiena, Stadt der Jungfrau$934545 607 $aSiena$zSec. 13.-16. 676 $a945.581 700 1$aBURCKHARDT,$bTitus$0131405 702 1$aMAGNINI,$bMaurizio 702 1$aBURGISSER,$bGisella 801 0$aIT$bsalbc$gISBD 912 $a990003427480203316 951 $aXII.2. Coll. 47/ 65$b222973 L.M.$cXII.2. Coll.$d00264923 959 $aBK 969 $aUMA 979 $aSENATORE$b90$c20100720$lUSA01$h1135 979 $aSENATORE$b90$c20100720$lUSA01$h1137 979 $aANNAMARIA$b90$c20110208$lUSA01$h0918 996 $aSiena, Stadt der Jungfrau$934545 997 $aUNISA